<?xml version="1.0" encoding="UTF-8"?>
<record
    xmlns:xsi="http://www.w3.org/2001/XMLSchema-instance"
    xsi:schemaLocation="http://www.loc.gov/MARC21/slim http://www.loc.gov/standards/marcxml/schema/MARC21slim.xsd"
    xmlns="http://www.loc.gov/MARC21/slim">

  <leader>01419cam a22002298i 4500</leader>
  <controlfield tag="005">20260623142911.0</controlfield>
  <datafield tag="020" ind1=" " ind2=" ">
    <subfield code="a">9781009393812</subfield>
  </datafield>
  <datafield tag="082" ind1="0" ind2="0">
    <subfield code="a">R 327.510 182 3 BRA/R</subfield>
    <subfield code="2">23/eng/20230602</subfield>
  </datafield>
  <datafield tag="100" ind1="1" ind2=" ">
    <subfield code="a">Womack, Brantly,</subfield>
    <subfield code="e">author.</subfield>
    <subfield code="9">16850</subfield>
  </datafield>
  <datafield tag="245" ind1="1" ind2="0">
    <subfield code="a">Recentering Pacific Asia :</subfield>
    <subfield code="b">regional China and world order /</subfield>
    <subfield code="c">by Brantly Womack,</subfield>
  </datafield>
  <datafield tag="260" ind1=" " ind2=" ">
    <subfield code="a">. - U K</subfield>
    <subfield code="b">: Cambridge University Press</subfield>
    <subfield code="c">, 2023</subfield>
  </datafield>
  <datafield tag="300" ind1=" " ind2=" ">
    <subfield code="a">xvii+255 pages</subfield>
  </datafield>
  <datafield tag="504" ind1=" " ind2=" ">
    <subfield code="a">Includes bibliographical references and index.</subfield>
  </datafield>
  <datafield tag="505" ind1="0" ind2=" ">
    <subfield code="a">Continuities in China's Pacific Asian centrality -- Thin connectivity : traditional Chinese centrality -- Sharp connectivity : Western modernization and de-centered Pacific Asia -- Thick connectivity : the re-centering of Pacific Asia -- China, Pacific Asia, and reconfiguring a multinodal world -- Global power rivalry, Pacific Asia, and world order.</subfield>
  </datafield>
  <datafield tag="520" ind1=" " ind2=" ">
    <subfield code="a">"Brantly Womack argues that China's regional context is the key to both its economic success and its major political challenges. Pacific Asia is now the world's largest and most cohesive economic region, and China has returned to its center. China's regional experience and challenges will therefore shape its global outlook and prospects"--</subfield>
  </datafield>
  <datafield tag="650" ind1=" " ind2="0">
    <subfield code="a">International organization.</subfield>
    <subfield code="9">16845</subfield>
  </datafield>
  <datafield tag="700" ind1="1" ind2=" ">
    <subfield code="a">Wang, Gungwu,</subfield>
    <subfield code="9">16851</subfield>
  </datafield>
  <datafield tag="700" ind1="1" ind2=" ">
    <subfield code="a">Wu, Yushan,</subfield>
    <subfield code="9">16852</subfield>
  </datafield>
  <datafield tag="700" ind1="1" ind2=" ">
    <subfield code="a">Qin, Yaqing,</subfield>
    <subfield code="9">16853</subfield>
  </datafield>
  <datafield tag="700" ind1="1" ind2=" ">
    <subfield code="a">Goh, Evelyn,</subfield>
    <subfield code="9">16854</subfield>
  </datafield>
  <datafield tag="942" ind1=" " ind2=" ">
    <subfield code="2">ddc</subfield>
    <subfield code="c">REF</subfield>
  </datafield>
  <datafield tag="999" ind1=" " ind2=" ">
    <subfield code="c">760962</subfield>
    <subfield code="d">760962</subfield>
  </datafield>
</record>
